000 00840nam a22001937a 4500
999 _c16194
_d16194
003 AR-CdUCM
008 190223b ||||| |||| 00| 0 spa d
040 _aMUNICIPALIDAD PROVINCIAL DEL CUSCO
_cBIBLIOTECA MUNICIPAL DEL CUSCO
082 _a973.01 /
_bN94
100 _aNúñez Cabeza de Vaca, Álvar
_91526
245 _aNaufragios :
_bY relación de la jornada que hizo a la florida con el adelantado Pánfilo Narvaez /
260 _aMadrid :
_bIbero-Americana,
_c1983.
300 _a2 tomos ;
_c18 cm.
440 _aLas cien mejores obras de la literatura española
_935489
505 _aContenido : En que cuenta cuando partió el armada -- Como el gobernador vino al puerto -- Como llegamos a la florida -- Cómo entramos por la tierra...
650 _aLiteratura universal.
_9611
942 _2ddc
_cLIBROS
945 _arah
_d02/05/2019